Constitutional history of India (Record no. 394956)

MARC details
000 -LEADER
fixed length control field 00499nam a22001937a 4500
005 - DATE & TIME
control field 20260130162408.0
008 - FIXED-LENGTH DATA ELEMENTS--GENERAL INFORMATION
fixed length control field 260129b |||||||| |||| 00| 0 eng d
020 ## - ISBN
International Standard Book Number 9789356096622
Price Rs. 1095.00
040 ## - CATALOGING SOURCE
Original cataloging agency VIVEKANANDA LIBRARY
082 ## - DDC NUMBER
Classification number 342.54
Book Number K898C
100 ## - MAIN ENTRY--PERSONAL NAME
Personal name Krishna Kumari
245 ## - TITLE STATEMENT
Title Constitutional history of India
260 ## - PUBLICATION, DISTRIBUTION, ETC. (IMPRINT)
Name of publisher, distributor, etc Arihant Books
Date of publication, distribution, etc 2025
Place of publication, distribution, etc New Delhi
300 ## - PHYSICAL DESCRIPTION
Pages viii, 216
650 ## - Subject
Subject Law
650 ## - Subject
Subject Constitutional History
650 ## - Subject
Subject Indian Constitution
942 ## - ADDED ENTRY ELEMENTS (KOHA)
Koha item type Books
Holdings
Withdrawn status Lost status Source of classification or shelving scheme Damaged status Not for loan Location (home branch) Sublocation or collection (holding branch) Shelving location Date acquired Koha issues (times borrowed) Koha full call number Accession No. Koha date last seen Koha item type
    Dewey Decimal Classification     VIVEKANANDA LIBRARY VIVEKANANDA LIBRARY Vivekananda Library 07/01/2026   342.54 K898C 444029 07/01/2026 Books
© Designed and Maintained by Vivekananda Library, MDU Rohtak